Proteases—From Basic Structure to Function to Drug Design as Targeted Therapy (Record no. 14518)
[ view plain ]
| 000 -LEADER | |
|---|---|
| fixed length control field | 01146nam a2200133Ia 4500 |
| 008 - FIXED-LENGTH DATA ELEMENTS--GENERAL INFORMATION | |
| fixed length control field | 220615s9999||||xx |||||||||||||| ||und|| |
| 020 ## - INTERNATIONAL STANDARD BOOK NUMBER | |
| International Standard Book Number | 9783040000000 |
| 245 #0 - TITLE STATEMENT | |
| Title | Proteases—From Basic Structure to Function to Drug Design as Targeted Therapy |
| 546 ## - LANGUAGE NOTE | |
| Language note | English[eng] |
| 650 ## - SUBJECT ADDED ENTRY--TOPICAL TERM | |
| Topical term or geographic name entry element | MMP||MMP2||MMP9||MMP7||MMP14||matrix metalloproteases||PDAC||pancreatic cancer||Bowman–Birk inhibitor||ranacyclin||trypsin inhibitor||structure–activity relationship||synergistic effect||Gentamicin||matrix metalloproteinase||extracellular matrix||nuclei||cancer||apoptosis||immune response||cysteine protease inhibitor||stefin||signal peptide||parasite||phylogenetic analysis||diversification||protein structure||vascular endothelial growth factors (VEGFs)||VEGF-A||PlGF||VEGF-B||VEGF-C||VEGF-D||angiogenesis||lymphangiogenesis||CCBE1||proteases||ADAMTS3||plasmin||cathepsin D||KLK3||prostate-specific antigen (PSA)||thrombin||wound healing||metastasis||proteolytic activation||vascular biology||lymphedema |
| 700 ## - ADDED ENTRY--PERSONAL NAME | |
| Personal name | Kwok, Hang Fai||Shaw, Christopher||Walker, Brian |
| 856 ## - ELECTRONIC LOCATION AND ACCESS | |
| Uniform Resource Identifier | <a href="https://mdpi.com/books/pdfview/book/4715">https://mdpi.com/books/pdfview/book/4715</a> |
| 942 ## - ADDED ENTRY ELEMENTS (KOHA) | |
| Koha item type | E-Books |
| Withdrawn status | Lost status | Damaged status | Not for loan | Home library | Current library | Date acquired | Total Checkouts | Date last seen | Price effective from | Koha item type |
|---|---|---|---|---|---|---|---|---|---|---|
| Kerala University of Digital Sciences, Innovation and Technology Knowledge Centre | Kerala University of Digital Sciences, Innovation and Technology Knowledge Centre | 15/06/2022 | 15/06/2022 | 15/06/2022 | E-Books |